header

Advanced semiconductor heterostructures (Record no. 34855)

MARC details
000 -LEADER
fixed length control field 01386nam a2200325Ia 4500
245 00 - TITLE STATEMENT
Title Advanced semiconductor heterostructures
260 ## - PUBLICATION, DISTRIBUTION, ETC. (IMPRINT)
Place of publication Singapore ;
-- River Edge, N.J. :
Name of publisher World Scientific,
Year of publication c2003.
300 ## - PHYSICAL DESCRIPTION
Number of Pages ix, 232 p. :
Other physical details ill.
490 1# - SERIES STATEMENT
Series statement Selected topics in electronics and systems ;
650 #0 - SUBJECT ADDED ENTRY--TOPICAL TERM
Topical Term Heterostructures.
Topical Term Semiconductors
700 1# - ADDED ENTRY--PERSONAL NAME
Personal name Dutta, Mitra.
Personal name Stroscio, Michael A.,
856 40 - ELECTRONIC LOCATION AND ACCESS
Uniform Resource Identifier http://site.ebrary.com/lib/rucke/Doc?id=10255859

No items available.

© 2026 Rongo University
Contact us: librarian | system librarian | Rongo university